000 00352 a2200169 4500
001 68907
020 _a8532259081
040 _cAnchieta - Itaigara
100 _aMorales, Yuyi
240 1 0 _aSó um minutinho
_lpor
245 1 0 _aSó um minutinho
300 _a31
362 0 _a2006
440 1 _aFTD
650 4 _aLiteratura infantil
942 _cBK
999 _c68907
_d68907